Deewana Mujhsa Nahin (Record no. 20585)

MARC details
000 -LEADER
fixed length control field 01543ngm a2200349 4500
003 - CONTROL NUMBER IDENTIFIER
control field dpl
005 - DATE AND TIME OF LATEST TRANSACTION
control field 20090105141932.0
007 - PHYSICAL DESCRIPTION FIXED FIELD--GENERAL INFORMATION
fixed length control field DVD
008 - FIXED-LENGTH DATA ELEMENTS--GENERAL INFORMATION
fixed length control field ||||||sp199 xxu|||||c ||| 00| 0 ng d
010 ## - LIBRARY OF CONGRESS CONTROL NUMBER
LC control number DVD-001872-1874
024 ## - OTHER STANDARD IDENTIFIER
Standard number or code PVCD-028
Terms of availability 31.00
035 ## - SYSTEM CONTROL NUMBER
System control number DVD-001872-1874
040 ## - CATALOGING SOURCE
Original cataloging agency DPL
Transcribing agency DPL
082 ## - DEWEY DECIMAL CLASSIFICATION NUMBER
Classification number DVD / DEEW
245 ## - TITLE STATEMENT
Title Deewana Mujhsa Nahin
Statement of responsibility, etc Priya VCD Presents
Medium [videorecording] DVD/
260 ## - PUBLICATION, DISTRIBUTION, ETC. (IMPRINT)
Name of publisher, distributor, etc Shanti Enterprises
Place of publication, distribution, etc New Delhi
270 ## - ADDRESS
Address Neelkant Chamber-I, L.S.C. Saini enclave, Vikas Marg, Delhi- 110 0092
300 ## - PHYSICAL DESCRIPTION
Extent 2 videodisc VCD;
Other physical details sd., col. ;
Dimensions 4 3/4 in.
Type of unit VCD
440 ## - SERIES STATEMENT/ADDED ENTRY--TITLE
Title Priya VCD
500 ## - GENERAL NOTE
General note The Company assures that these VCD's made with very high technology.
538 ## - SYSTEM DETAILS NOTE
System details note Dolby Digital 5.1 - Hindi Subtitles: English
650 ## - SUBJECT ADDED ENTRY--TOPICAL TERM
Topical term or geographic name as entry element Motion Picture
700 ## - ADDED ENTRY--PERSONAL NAME
Personal name Nageshwar Rao, Y.
700 ## - ADDED ENTRY--PERSONAL NAME
Personal name Anand Milland
700 ## - ADDED ENTRY--PERSONAL NAME
Personal name Khan, Amir
700 ## - ADDED ENTRY--PERSONAL NAME
Personal name Dixit Madhuri
942 ## - ADDED ENTRY ELEMENTS (KOHA)
Koha item type CD-ROMs, DVDs, VHS
Source of classification or shelving scheme Dewey Decimal Classification
Classification part VCD
Call number suffix DEEW
Holdings
Withdrawn status Lost status Source of classification or shelving scheme Damaged status Not for loan Home library Current library Date acquired Source of acquisition Cost, normal purchase price Total Checkouts Full call number Barcode Date last seen Date checked out Copy number Cost, replacement price Price effective from Koha item type
    Dewey Decimal Classification     Central Library Central Library 05/01/2009 Purchase 31.00 10 VCD DEEW DVD-001872 29/03/2017 15/03/2017 1 31.00 05/01/2009 CD-ROMs, DVDs, VHS
    Dewey Decimal Classification     Patel Nagar Patel Nagar 05/01/2009 Purchase 31.00 14 VCD DEEW DVD-001874 18/04/2012 07/04/2012 1 31.00 05/01/2009 CD-ROMs, DVDs, VHS
    Dewey Decimal Classification     Sarojini Nagar Sarojini Nagar 05/01/2009 Purchase 31.00 7 VCD DEEW DVD-001873 11/02/2014 27/01/2014 1 31.00 05/01/2009 CD-ROMs, DVDs, VHS

© Delhi Public Library
Hit Counter
free hit counter